000 00501nam a22001817a 4500
005 20251108172934.0
008 250721s2002 xx 000 0 ara d
082 1 4 _a413.3/عطي
100 1 _aعطيات، أحمد
245 1 0 _aموسوعة معاني أسماء البنين و البنات /
264 _c2002.
300 _a96 ص
650 1 7 _aأسماء الأشخاص
650 1 7 _aالأسماء العربية
650 1 7 _aالموسوعات
942 _2ddc
_cBK
999 _c92307
_d92307